Alle de voornaamste historien des ouden en nieuwen testaments (Record no. 8240)

MARC details
000 -CABECERA
campo de control de longitud fija 01027nam a2200301 a 4500
001 - NÚMERO DE CONTROL
campo de control BRCA_8577
005 - FECHA Y HORA DE LA ÚLTIMA TRANSACCIÓN
campo de control 20190320210333.0
008 - DATOS DE LONGITUD FIJA--INFORMACIÓN GENERAL
campo de control de longitud fija 190816s1703----gw-a######---#000-0#dut-#
041 ## - CÓDIGO DE LENGUA
Código de lengua del texto/banda sonora o título independiente dut
044 ## - CÓDIGO DEL PAÍS DE LA ENTIDAD EDITORA/PRODUCTORA
Código MARC del país gw
050 #4 - SIGNATURA TOPOGRÁFICA DE LA BIBLIOTECA DEL CONGRESO
Número de clasificación BS1901
Número de documento/Ítem .H66
-- 1703
100 1# - ENTRADA PRINCIPAL--NOMBRE DE PERSONA
Nombre de persona Hooge, Romeyn de
9 (RLIN) 21478
245 10 - MENCIÓN DE TÍTULO
Título Alle de voornaamste historien des ouden en nieuwen testaments
Mención de responsabilidad, etc. Romeyn de Hooge, Henricus Vos
260 ## - PUBLICACIÓN, DISTRIBUCIÓN, ETC.
Lugar de publicación, distribución, etc. Amsterdam
Nombre del editor, distribuidor, etc. Jacob lindenberg
Fecha de publicación, distribución, etc. 1703
300 ## - DESCRIPCIÓN FÍSICA
Extensión 1 vol. (con varias paginaciones)
Otras características físicas il. , mapas
Dimensiones 39 cm
500 ## - NOTA GENERAL
Nota general Fondo antiguo
500 ## - NOTA GENERAL
Nota general Se encuentra en Caja Fuerte
500 ## - NOTA GENERAL
Nota general DD-8
500 ## - NOTA GENERAL
Nota general Con Ex-libris de: Franz Mayer
500 ## - NOTA GENERAL
Nota general Grabado en la anteportada
500 ## - NOTA GENERAL
Nota general Uso de viñetas y letras capitulares
500 ## - NOTA GENERAL
Nota general Nota de encuadernación: piel con cartón
506 0# - NOTA DE RESTRICCIONES AL ACCESO
Limitaciones de acceso Fondo reservado: para su consulta es necesario credencial de usuario y carta de motivos
650 14 - PUNTO DE ACCESO ADICIONAL DE MATERIA--TÉRMINO DE MATERIA
Término de materia o nombre geográfico como elemento de entrada Nuevo testamento
Término indicativo de función/relación Historia
9 (RLIN) 21479
700 1# - PUNTO DE ACCESO ADICIONAL--NOMBRE DE PERSONA
Nombre de persona Henricus, vos
9 (RLIN) 21480
902 ## - CATALOGADOR
Iniciales LAR
942 ## - ELEMENTOS DE PUNTO DE ACCESO ADICIONAL (KOHA)
Fuente del sistema de clasificación o colocación Library of Congress Classification
Tipo de ítem Koha Libros
Holdings
Estado de retiro Estado de pérdida Estado dañado No para préstamo Localización permanente Ubicación/localización actual Fecha de adquisición Número de inventario Total de préstamos Signatura topográfica completa Código de barras Fecha visto por última vez Precio válido a partir de Tipo de ítem Koha
El ejemplar forma parte de la colección y puede ser consultado según las políticas vigentes.       Biblioteca del Museo Franz Mayer (Rogerio Casas-Alatriste) Biblioteca del Museo Franz Mayer (Rogerio Casas-Alatriste) 19/08/2016 DD-8   BS1901 .H66 1703 (DD-8) LAR00082 22/03/2019 22/03/2019 Libros